| 000 | 00655nam a2200217 a 4500 | ||
|---|---|---|---|
| 005 | 20140310183438.0 | ||
| 008 | 080206s19uu xx 00 eng d | ||
| 020 | _a9780071101028 | ||
| 050 |
_aHD 60 _b.L419 2008 |
||
| 100 | _aLawrence, Anne T. | ||
| 245 |
_aBusiness and society : _bstakeholders, ethics, public policy / _cAnne T. Lawrence |
||
| 250 | _a12th ed. | ||
| 260 |
_aBoston, U.S.A : _bMcGraw-Hill, _c2008. |
||
| 300 |
_a570 p. : _bill. col. ; _c25 cm. |
||
| 521 | _aBSBA | ||
| 650 | _aBusiness ethics. | ||
| 650 |
_aSocial responsibilty of business _xUnited States. |
||
| 700 | _aWeber, James | ||
| 942 |
_cBK _2lcc _kFOR |
||
| 999 |
_c22993 _d22993 |
||